[Event "Bad Pyrmont Pape op-A 2nd"]
[Site "Bad Pyrmont"]
[Date "2023.08.12"]
[Round "4"]
[White "Harms, Friedjof"]
[Black "Krumschmidt, Michael"]
[Result "1-0"]
[WhiteElo "1872"]
[BlackElo "1694"]
[PlyCount "59"]
[EventDate "2023.08.10"]
[EventType "swiss"]
[EventRounds "7"]
[EventCountry "GER"]
[SourceTitle "EXT 2024"]
[Source "ChessBase"]
[SourceDate "2023.10.10"]
[SourceVersion "1"]
[SourceVersionDate "2023.10.10"]
[SourceQuality "1"]

1. e4 c5 2. Nc3 d6 3. f4 e6 4. Nf3 a6 5. a4 b6 6. d4 Qc7 7. dxc5 bxc5 8. g3 Nc6 9. Bg2 Be7 10. 0-0 Rb8 11. Qe2 Bf6 12. e5 dxe5 13. fxe5 Be7 14. Ne4 f5 15. Nd6+ Kf8 16. Bf4 h6 17. Nh4 Bxh4 18. Qh5 Bb7 19. Qxh4 Ba8 20. Qh5 c4 21. Nxf5 Nge7 22. Nxe7 Kxe7 23. Rad1 Qb6+ 24. Kh1 Nd4 25. Bxa8 Rxa8 26. Be3 Qc6+ 27. Kg1 Nf5 28. g4 g6 29. Qxg6 Rag8 30. Qf6+ 1-0

[Event "Bad Pyrmont Pape op-A 2nd"]
[Site "Bad Pyrmont"]
[Date "2023.08.10"]
[Round "1"]
[White "Krumschmidt, Michael"]
[Black "Alsleben, Moritz"]
[Result "0-1"]
[WhiteElo "1694"]
[BlackElo "1940"]
[PlyCount "70"]
[EventDate "2023.08.10"]
[EventType "swiss"]
[EventRounds "7"]
[EventCountry "GER"]
[SourceTitle "EXT 2024"]
[Source "ChessBase"]
[SourceDate "2023.10.10"]
[SourceVersion "1"]
[SourceVersionDate "2023.10.10"]
[SourceQuality "1"]

1. d4 d5 2. c4 e6 3. Nc3 Nf6 4. Bg5 Be7 5. Nf3 Nbd7 6. e3 0-0 7. Qc2 b6 8. Bd3 Bb7 9. 0-0 h6 10. Bh4 Rc8 11. Rac1 c5 12. b3 cxd4 13. exd4 Re8 14. Rfe1 a6 15. Qe2 Nb8 16. Bb1 dxc4 17. bxc4 Bxf3 18. Qd3 Bb7 19. Bxf6 Bxf6 20. Qh7+ Kf8 21. d5 Bxc3 22. Rxc3 Qf6 23. Rf3 Qd4 24. Bg6 Rc7 25. Qh8+ Ke7 26. Rxf7+ Kd8 27. Rf8 Rce7 28. Rxe8+ Rxe8 29. Qxe8+ Kc7 30. Rxe6 Nd7 31. Re7 Qd1+ 32. Re1 Qg4 33. h3 Qxc4 34. Bf5 Qxd5 35. Bxd7 Qxg2# 0-1

[Event "Verden op-A"]
[Site "Verden"]
[Date "2023.01.07"]
[Round "6"]
[White "Krumschmidt, Michael"]
[Black "Stoy, Ulf"]
[Result "0-1"]
[WhiteElo "1696"]
[BlackElo "1990"]
[PlyCount "82"]
[EventDate "2023.01.05"]
[EventType "swiss"]
[EventRounds "7"]
[EventCountry "GER"]
[SourceTitle "CBM 212 Extra"]
[Source "ChessBase"]
[SourceDate "2023.03.31"]
[SourceVersion "1"]
[SourceVersionDate "2023.03.31"]
[SourceQuality "1"]

1. d4 d6 2. c4 g6 3. Nc3 Bg7 4. e4 Nf6 5. f3 Nc6 6. Be3 a6 7. Qd2 Rb8 8. Rc1 0-0 9. Nd5 e5 10. dxe5 dxe5 11. Bg5 Nd4 12. c5 c6 13. Nb6 Be6 14. Bc4 Qe7 15. b4 Rbd8 16. Qe3 h6 17. Bh4 g5 18. Bf2 Nd7 19. Na4 b5 20. Bxe6 Qxe6 21. Nc3 a5 22. bxa5 Nxc5 23. Nge2 Nxe2 24. Nxe2 Nd3+ 25. Kf1 Nxc1 26. Qxc1 Qxa2 27. Bb6 Rd2 28. Qe1 Qc2 29. Kf2 f5 30. a6 fxe4 31. Be3 Rdd8 32. Rf1 exf3 33. gxf3 e4 34. Kg2 exf3+ 35. Rxf3 Rxf3 36. Kxf3 Rf8+ 37. Kg3 Be5+ 38. Nf4 gxf4+ 39. Kh3 Qf5+ 40. Kg2 Qg4+ 41. Kh1 fxe3 0-1

[Event "GER-ch Net blitz qual4"]
[Site "Playchess.com INT"]
[Date "2021.05.10"]
[Round "11"]
[White "Krumschmidt, Michael"]
[Black "Matthes, Benjamin"]
[Result "1-0"]
[WhiteElo "1462"]
[BlackElo "1734"]
[PlyCount "71"]
[EventDate "2021.05.10"]
[EventType "swiss (blitz)"]
[EventRounds "11"]
[EventCountry "GER"]
[SourceTitle "CBM 202 Extra"]
[Source "ChessBase"]
[SourceDate "2021.07.31"]
[SourceVersion "1"]
[SourceVersionDate "2021.07.31"]
[SourceQuality "1"]

1. d4 d5 2. c4 e6 3. Nc3 c5 4. Nf3 Nc6 5. a3 a5 6. Bf4 cxd4 7. Nxd4 dxc4 8. Ndb5 Qxd1+ 9. Rxd1 e5 10. Nc7+ Ke7 11. Be3 Rb8 12. Bc5+ Kf6 13. Bxf8 Nd4 14. Ne4+ Kf5 15. Nd6+ Kg6 16. e3 Nc2+ 17. Kd2 Bf5 18. e4 Rxf8 19. exf5+ Kf6 20. Nd5+ Kg5 21. h4+ Kh6 22. Kxc2 Nf6 23. Nxf6 gxf6 24. g4 Rhg8 25. f3 b6 26. Bxc4 Rc8 27. Nxc8 Rxc8 28. Kd3 Rd8+ 29. Ke3 Rc8 30. Bxf7 Rc7 31. g5+ fxg5 32. hxg5+ Kxg5 33. Be6 h5 34. Rdg1+ Kh6 35. Rg6+ Kh7 36. Rxh5# 1-0

[Event "GER-ch Net blitz qual3"]
[Site "Playchess.com INT"]
[Date "2021.05.07"]
[Round "7"]
[White "Krumschmidt, Michael"]
[Black "Lenze, Thomas"]
[Result "0-1"]
[WhiteElo "1452"]
[BlackElo "1668"]
[PlyCount "102"]
[EventDate "2021.05.07"]
[EventType "swiss (blitz)"]
[EventRounds "11"]
[EventCountry "GER"]
[SourceTitle "CBM 202 Extra"]
[Source "ChessBase"]
[SourceDate "2021.07.31"]
[SourceVersion "1"]
[SourceVersionDate "2021.07.31"]
[SourceQuality "1"]

1. d4 d5 2. c4 e6 3. Nc3 Nf6 4. Bg5 Be7 5. Nf3 0-0 6. e3 h6 7. Bh4 Nbd7 8. Bd3 c5 9. 0-0 b6 10. Rc1 Bb7 11. cxd5 Nxd5 12. Bxe7 Qxe7 13. Nxd5 Bxd5 14. b3 Qf6 15. e4 Bb7 16. d5 exd5 17. exd5 Ne5 18. Nxe5 Qxe5 19. Bc4 Rfd8 20. Re1 Qd6 21. h3 a6 22. a4 Rab8 23. Rc2 b5 24. axb5 axb5 25. Bxb5 Qxd5 26. Qxd5 Bxd5 27. Rxc5 Bxb3 28. Rce5 Be6 29. f4 Rd5 30. Bc6 Rxe5 31. Rxe5 g6 32. Be4 Kg7 33. f5 gxf5 34. Bxf5 Kf6 35. Bxe6 Kxe5 36. Bxf7 Kf6 37. Bd5 Rb2 38. Kh2 Kg5 39. Kg3 h5 40. h4+ Kf6 41. Kf4 Rb4+ 42. Be4 Rd4 43. g3 Rb4 44. Kf3 Rb8 45. Kf4 Rf8 46. Bf3 Kg6+ 47. Ke4 Re8+ 48. Kf4 Kh6 49. Kf5 Rf8+ 50. Ke4 Rf6 51. Ke5 Rxf3 0-1

[Event "GER-ch Net blitz qual3"]
[Site "Playchess.com INT"]
[Date "2021.05.07"]
[Round "5"]
[White "Krumschmidt, Michael"]
[Black "Schaper, Jan Erik"]
[Result "1-0"]
[WhiteElo "1452"]
[BlackElo "1694"]
[PlyCount "51"]
[EventDate "2021.05.07"]
[EventType "swiss (blitz)"]
[EventRounds "11"]
[EventCountry "GER"]
[SourceTitle "CBM 202 Extra"]
[Source "ChessBase"]
[SourceDate "2021.07.31"]
[SourceVersion "1"]
[SourceVersionDate "2021.07.31"]
[SourceQuality "1"]

1. d4 c6 2. c4 d5 3. Nc3 Nf6 4. Nf3 e6 5. Bg5 Nbd7 6. e3 Qa5 7. Qc2 Ne4 8. Bh4 Nb6 9. c5 Nxc3 10. bxc3 Na4 11. Rc1 b6 12. cxb6 axb6 13. Bd3 Ba3 14. Rb1 Nxc3 15. 0-0 Nxb1 16. Rxb1 Bb7 17. Ne5 Rc8 18. h3 h6 19. Qb3 0-0 20. Nd7 Rfe8 21. Nxb6 Rb8 22. Nd7 Rbd8 23. Bxd8 Rxd8 24. Nb6 Rb8 25. Nd7 Rd8 26. Qxb7 1-0

[Event "GER-ch Net blitz qual2"]
[Site "Playchess.com INT"]
[Date "2021.05.04"]
[Round "3"]
[White "Krumschmidt, Michael"]
[Black "Moeller, Jonas"]
[Result "0-1"]
[WhiteElo "1338"]
[BlackElo "1620"]
[PlyCount "48"]
[EventDate "2021.05.04"]
[EventType "swiss (blitz)"]
[EventRounds "11"]
[EventCountry "GER"]
[SourceTitle "CBM 202 Extra"]
[Source "ChessBase"]
[SourceDate "2021.07.31"]
[SourceVersion "1"]
[SourceVersionDate "2021.07.31"]
[SourceQuality "1"]

1. d4 Nf6 2. c4 e6 3. Nc3 Bb4 4. Bg5 c5 5. Nf3 h6 6. Bxf6 Qxf6 7. e3 Nc6 8. a3 Bxc3+ 9. bxc3 0-0 10. Bd3 b6 11. 0-0 Na5 12. d5 Ba6 13. Qe2 Nb3 14. Rab1 Qxc3 15. Rfd1 Rad8 16. Nd2 Nxd2 17. Rxd2 exd5 18. Rc2 Qf6 19. cxd5 Bxd3 20. Qxd3 d6 21. Rc4 Rd7 22. Rf4 Qe7 23. Qf5 g6 24. Qh3 Kg7 0-1

[Event "GER-ch Net blitz qual2"]
[Site "Playchess.com INT"]
[Date "2021.05.04"]
[Round "1"]
[White "Krumschmidt, Michael"]
[Black "Serreck, Uwe"]
[Result "0-1"]
[WhiteElo "1338"]
[BlackElo "1794"]
[PlyCount "42"]
[EventDate "2021.05.04"]
[EventType "swiss (blitz)"]
[EventRounds "11"]
[EventCountry "GER"]
[SourceTitle "CBM 202 Extra"]
[Source "ChessBase"]
[SourceDate "2021.07.31"]
[SourceVersion "1"]
[SourceVersionDate "2021.07.31"]
[SourceQuality "1"]

1. d4 g6 2. c4 Nf6 3. Nc3 Bg7 4. e4 d6 5. f3 0-0 6. Be3 Nc6 7. Nge2 a6 8. g4 Rb8 9. Ng3 e5 10. d5 Nd4 11. Bxd4 exd4 12. Qxd4 Nxe4 13. Qxe4 Re8 14. 0-0-0 Rxe4 15. Ngxe4 Bd7 16. Bd3 b5 17. Rhe1 bxc4 18. Bxc4 Rb4 19. Bb3 a5 20. Kc2 a4 21. Nxa4 Bxa4 0-1

[Event "GER-ch Net blitz qual2"]
[Site "Playchess.com INT"]
[Date "2021.05.04"]
[Round "4"]
[White "Lenhard, Alexander"]
[Black "Krumschmidt, Michael"]
[Result "0-1"]
[WhiteElo "1584"]
[BlackElo "1338"]
[PlyCount "46"]
[EventDate "2021.05.04"]
[EventType "swiss (blitz)"]
[EventRounds "11"]
[EventCountry "GER"]
[SourceTitle "CBM 202 Extra"]
[Source "ChessBase"]
[SourceDate "2021.07.31"]
[SourceVersion "1"]
[SourceVersionDate "2021.07.31"]
[SourceQuality "1"]

1. b4 b6 2. Bb2 Bb7 3. e3 Nf6 4. Bxf6 gxf6 5. Nf3 Bg7 6. c4 Nc6 7. b5 Ne5 8. Nxe5 fxe5 9. Nc3 d5 10. cxd5 Bxd5 11. g3 Bxh1 12. Qg4 Rg8 13. Bc4 Qd7 14. Qh5 e6 15. Qxh7 0-0-0 16. Qc2 Rh8 17. h4 Bf3 18. a4 e4 19. a5 Kb8 20. axb6 cxb6 21. Qa2 Bxc3 22. dxc3 Qd1+ 23. Rxd1 Rxd1# 0-1

[Event "Niedersachsen-ch op-A"]
[Site "Verden an der Aller"]
[Date "2020.01.02"]
[Round "1"]
[White "Krumschmidt, Michael"]
[Black "Kueck, Artur"]
[Result "0-1"]
[WhiteElo "1724"]
[BlackElo "1927"]
[PlyCount "62"]
[EventDate "2020.01.02"]
[EventType "swiss"]
[EventRounds "7"]
[EventCountry "GER"]
[SourceTitle "EXT 2023"]
[Source "ChessBase"]
[SourceDate "2022.10.05"]
[SourceVersion "1"]
[SourceVersionDate "2022.10.05"]
[SourceQuality "1"]

1. d4 d5 2. c4 c6 3. Nc3 Nf6 4. Qc2 e6 5. Bg5 Be7 6. e3 Nbd7 7. Nf3 0-0 8. Bd3 h6 9. h4 dxc4 10. Bxc4 b5 11. Bd3 Bb7 12. e4 Nb6 13. e5 Nfd5 14. Qc1 hxg5 15. hxg5 g6 16. Ne4 Kg7 17. a3 Rh8 18. Rh6 Rc8 19. Nf6 c5 20. Qd2 c4 21. Be4 Ba8 22. Ke2 c3 23. Qc1 cxb2 24. Qh1 Nf4+ 25. Kd2 Nc4+ 26. Kc2 bxa1N+ 27. Kb1 Bxe4+ 28. Kxa1 Nh5 29. Rxh5 Rxh5 30. Nxh5+ gxh5 31. Qxh5 Qh8 0-1

[Event "Niedersachsen-ch op A"]
[Site "Verden"]
[Date "2018.01.06"]
[Round "6"]
[White "Davydov, Mihail"]
[Black "Krumschmidt, Michael"]
[Result "1-0"]
[WhiteElo "1858"]
[BlackElo "1643"]
[PlyCount "81"]
[EventDate "2018.01.04"]
[EventType "swiss"]
[EventRounds "7"]
[EventCountry "GER"]
[SourceTitle "EXT 2022"]
[Source "ChessBase"]
[SourceDate "2021.10.06"]
[SourceVersion "1"]
[SourceVersionDate "2021.10.06"]
[SourceQuality "1"]

1. e4 c5 2. g3 d6 3. Bg2 Nf6 4. c3 Nbd7 5. d4 g6 6. Ne2 Bg7 7. 0-0 0-0 8. d5 Nb6 9. h3 e6 10. dxe6 fxe6 11. Na3 d5 12. e5 Nfd7 13. f4 Nb8 14. Be3 Na6 15. Kh2 Bd7 16. h4 Bc6 17. b3 Qe7 18. Nc2 Nd7 19. Qd2 Rad8 20. a4 b6 21. Bg1 Ba8 22. b4 Kh8 23. Rfb1 Bh6 24. Qd3 Nc7 25. Ne1 Ne8 26. a5 Ng7 27. axb6 axb6 28. Ra7 Nf5 29. Nf3 Rb8 30. Qb5 Rb7 31. Rxb7 Bxb7 32. bxc5 bxc5 33. Qxb7 Rb8 34. Qxb8+ Nxb8 35. Rxb8+ Bf8 36. Rc8 d4 37. cxd4 cxd4 38. Nexd4 Nh6 39. Ng5 Ng8 40. Ndxe6 Bh6 41. Rc7 1-0

[Event "Hannover Ihme Cup"]
[Site "Hannover"]
[Date "2017.04.29"]
[Round "2.18"]
[White "Schmerse, Joachim"]
[Black "Krumschmidt, Michael"]
[Result "0-1"]
[WhiteElo "1460"]
[BlackElo "1732"]
[PlyCount "56"]
[EventDate "2017.04.28"]
[EventType "swiss"]
[EventRounds "5"]
[EventCountry "GER"]
[SourceTitle "EXT 2022"]
[Source "ChessBase"]
[SourceDate "2021.10.06"]
[SourceVersion "1"]
[SourceVersionDate "2021.10.06"]
[SourceQuality "1"]

1. d4 Nf6 2. Nf3 g6 3. e3 Bg7 4. c4 d6 5. Nc3 0-0 6. Qc2 Nc6 7. a3 e5 8. d5 Ne7 9. e4 Nh5 10. g3 f5 11. Bg2 h6 12. 0-0 f4 13. b4 g5 14. c5 Ng6 15. Ne1 Bd7 16. Qd1 g4 17. gxf4 Nhxf4 18. f3 Qh4 19. Ra2 g3 20. hxg3 Qxg3 21. Ne2 Nh3+ 22. Kh1 Qh4 23. Qd2 Rf6 24. Nc3 Ngf4 25. b5 Rg6 26. Qe3 Nf2+ 27. Kg1 N4h3+ 28. Kh2 Qg3# 0-1

[Event "Forchheim op-B 15th"]
[Site "Forchheim"]
[Date "2016.10.01"]
[Round "1"]
[White "Pikal, Alexander"]
[Black "Krumschmidt, Michael"]
[Result "1-0"]
[WhiteElo "1962"]
[BlackElo "1692"]
[PlyCount "55"]
[EventDate "2016.10.01"]
[EventType "swiss"]
[EventRounds "5"]
[EventCountry "GER"]
[SourceTitle "EXT 2019"]
[Source "ChessBase"]
[SourceDate "2018.10.10"]
[SourceVersion "1"]
[SourceVersionDate "2018.10.10"]
[SourceQuality "1"]

1. f4 c5 2. Nf3 d5 3. e3 Nc6 4. Bb5 a6 5. Bxc6+ bxc6 6. Ne5 Qc7 7. b3 Nf6 8. Bb2 a5 9. a4 Ba6 10. d3 Rb8 11. Nd2 e6 12. 0-0 Bd6 13. Bc3 Qb6 14. Rf3 Rd8 15. Rg3 Bf8 16. Qf3 h5 17. Rh3 Ng4 18. Nxg4 hxg4 19. Qxg4 Rxh3 20. Qxh3 d4 21. exd4 cxd4 22. Bb2 Qc7 23. f5 Bc8 24. fxe6 Bxe6 25. Qf3 Bd6 26. h3 c5 27. Re1 Kf8 28. Rxe6 1-0

[Event "Niedersachsen-ch op"]
[Site "Verden"]
[Date "2016.01.03"]
[Round "1"]
[White "Guede, Klaus"]
[Black "Krumschmidt, Michael"]
[Result "1/2-1/2"]
[WhiteElo "1897"]
[BlackElo "1674"]
[PlyCount "58"]
[EventDate "2016.01.03"]
[EventType "swiss"]
[EventRounds "7"]
[EventCountry "GER"]
[SourceTitle "EXT 2018"]
[Source "ChessBase"]
[SourceDate "2017.10.13"]
[SourceVersion "1"]
[SourceVersionDate "2017.10.13"]
[SourceQuality "1"]

1. d4 Nf6 2. c4 g6 3. Nc3 Bg7 4. e4 d6 5. f4 0-0 6. Nf3 e5 7. fxe5 dxe5 8. d5 Nbd7 9. Bd3 Qe7 10. Be3 Ng4 11. Bg1 Nc5 12. Bc2 Bh6 13. Qe2 f5 14. Nd2 fxe4 15. Bxe4 Nxe4 16. Ncxe4 Bf5 17. Bc5 Qf7 18. Bxf8 Rxf8 19. 0-0 Ne3 20. Rfc1 Bg4 21. Qd3 Qf5 22. Re1 Nxg2 23. Kxg2 Bxd2 24. Qxd2 Bf3+ 25. Kg1 Bxe4 26. Qe3 Bf3 27. Qxe5 Qg4+ 28. Qg3 Qd4+ 29. Qf2 Qg4+ 1/2-1/2

[Event "Niedersachsen-ch op-A"]
[Site "Verden"]
[Date "2015.01.05"]
[Round "7"]
[White "Sommer, Andreas"]
[Black "Krumschmidt, Michael"]
[Result "1-0"]
[WhiteElo "1789"]
[BlackElo "1659"]
[PlyCount "21"]
[EventDate "2015.01.02"]
[EventType "swiss"]
[EventRounds "7"]
[EventCountry "GER"]
[SourceTitle "EXT 2018"]
[Source "ChessBase"]
[SourceDate "2017.10.13"]
[SourceVersion "1"]
[SourceVersionDate "2017.10.13"]
[SourceQuality "1"]

1. d4 d5 2. c4 dxc4 3. Nc3 Nf6 4. Bf4 Bd7 5. e4 e6 6. Bxc4 c5 7. d5 exd5 8. exd5 Bg4 9. f3 Qe7+ 10. Nge2 Nh5 11. Bxb8 1-0

[Event "Niedersachsen-ch op-A"]
[Site "Verden"]
[Date "2015.01.04"]
[Round "5"]
[White "Krumschmidt, Michael"]
[Black "Freitag, Christian"]
[Result "0-1"]
[WhiteElo "1659"]
[BlackElo "1845"]
[PlyCount "60"]
[EventDate "2015.01.02"]
[EventType "swiss"]
[EventRounds "7"]
[EventCountry "GER"]
[SourceTitle "EXT 2018"]
[Source "ChessBase"]
[SourceDate "2017.10.13"]
[SourceVersion "1"]
[SourceVersionDate "2017.10.13"]
[SourceQuality "1"]

1. d4 d5 2. c4 e6 3. Nc3 Nf6 4. Bg5 Nbd7 5. Nf3 c6 6. e3 Be7 7. Bd3 0-0 8. 0-0 dxc4 9. Bxc4 Nd5 10. Bxe7 Qxe7 11. e4 Nxc3 12. bxc3 e5 13. Qc2 b5 14. Bd3 Bb7 15. Nxe5 Nxe5 16. dxe5 Qxe5 17. f4 Qc5+ 18. Kh1 Rad8 19. e5 h6 20. Rf3 Rfe8 21. Re1 Re7 22. Qb3 Qb6 23. Rfe3 a6 24. f5 c5 25. h3 Rxd3 26. Rxd3 c4 27. Qb4 Qf2 28. Rd8+ Kh7 29. Rg1 Rxe5 30. Rdd1 Re2 0-1

[Event "Niedersachsen-ch op-A"]
[Site "Verden"]
[Date "2015.01.02"]
[Round "2"]
[White "Krumschmidt, Michael"]
[Black "Ter Stal, Sven"]
[Result "1-0"]
[WhiteElo "1659"]
[BlackElo "1709"]
[PlyCount "49"]
[EventDate "2015.01.02"]
[EventType "swiss"]
[EventRounds "7"]
[EventCountry "GER"]
[SourceTitle "EXT 2018"]
[Source "ChessBase"]
[SourceDate "2017.10.13"]
[SourceVersion "1"]
[SourceVersionDate "2017.10.13"]
[SourceQuality "1"]

1. d4 f5 2. Bg5 h6 3. Bf4 Nf6 4. e3 g6 5. Be2 Bg7 6. h4 d6 7. c4 Nbd7 8. Nc3 e5 9. dxe5 dxe5 10. Bh2 0-0 11. Qc2 c6 12. 0-0-0 Qe8 13. Nh3 Nc5 14. f3 e4 15. Bd6 b6 16. Bxf8 Qxf8 17. Nf4 Qf7 18. fxe4 Nfxe4 19. Nxe4 Nxe4 20. c5 b5 21. Rd8+ Kh7 22. Kb1 Qe7 23. Rhd1 b4 24. Qc4 Rb8 25. Qg8# 1-0

[Event "Hannover Ihme Cup"]
[Site "Hannover"]
[Date "2014.05.11"]
[Round "5"]
[White "Kiesewetter, Oliver"]
[Black "Krumschmidt, Michael"]
[Result "1-0"]
[WhiteElo "1899"]
[BlackElo "1655"]
[PlyCount "63"]
[EventDate "2014.05.09"]
[EventType "swiss"]
[EventRounds "5"]
[EventCountry "GER"]
[SourceTitle "EXT 2021"]
[Source "ChessBase"]
[SourceDate "2020.10.23"]
[SourceVersion "1"]
[SourceVersionDate "2020.10.23"]
[SourceQuality "1"]

1. d4 d5 2. Nf3 g6 3. c4 c6 4. Nc3 Nf6 5. Bg5 Bg7 6. e3 0-0 7. Qb3 Nbd7 8. cxd5 cxd5 9. Nxd5 Nxd5 10. Qxd5 Qb6 11. Qb5 Qd6 12. Be2 a6 13. Qb3 e5 14. dxe5 Nxe5 15. Rd1 Nxf3+ 16. Bxf3 Qe5 17. Bf4 Qa5+ 18. Ke2 Re8 19. Rd5 b5 20. Rd2 Be6 21. Bd5 Qb6 22. Bxe6 Rxe6 23. Rhd1 Rae8 24. Kf1 b4 25. Qa4 Rc8 26. Rc2 Rd8 27. Rxd8+ Qxd8 28. Ke2 Qa8 29. Qxb4 Bf8 30. Qb8 Qxg2 31. Rc8 Qg4+ 32. Kd2 1-0